Structral design in metals (Record no. 11702)

000 -LEADER
fixed length control field 00502nam a22001937a 4500
001 - CONTROL NUMBER
control field 11702
003 - CONTROL NUMBER IDENTIFIER
control field BD-DhUET
008 - FIXED-LENGTH DATA ELEMENTS--GENERAL INFORMATION
fixed length control field 150218b xxu||||| |||| 00| 0 eng d
040 ## - CATALOGING SOURCE
Original cataloging agency DLC
Transcribing agency DLC
Modifying agency BD-DhUET
082 ## - DEWEY DECIMAL CLASSIFICATION NUMBER
Classification number 624.182
Item number WIL/1957
100 ## - MAIN ENTRY--PERSONAL NAME
Personal name Willims, Clifford D.
245 ## - TITLE STATEMENT
Title Structral design in metals
250 ## - EDITION STATEMENT
Edition statement 2nd ed.
260 ## - PUBLICATION, DISTRIBUTION, ETC. (IMPRINT)
Place of publication, distribution, etc. New York
Name of publisher, distributor, etc. Ronald Press
Date of publication, distribution, etc. 1957
300 ## - PHYSICAL DESCRIPTION
Extent viii, 655 p.
Other physical details ill.
Dimensions 17 cm.
650 #0 - SUBJECT ADDED ENTRY--TOPICAL TERM
Topical term or geographic name as entry element Metals Structural Engg
700 ## - ADDED ENTRY--PERSONAL NAME
Personal name Harris, Ernest C.
942 ## - ADDED ENTRY ELEMENTS (KOHA)
Koha item type General Book
Holdings
Koha normalized classification for sorting Source of classification or shelving scheme Sublocation or collection (holding branch) Copy number Koha item type Not for loan Location (home branch) Lost status Date acquired Damaged status Shelving location Koha full call number Withdrawn status Price effective from Koha date last seen Piece designation (barcode)
624_182000000000000_WIL_1957 Central Library, BUET1General Book Central Library, BUET 2015-02-18 Circulation section624.182/WIL/1957 2015-02-182015-02-1861224
624_182000000000000_WIL_1957 Central Library, BUET2General Book Central Library, BUET 2015-02-18 Circulation section624.182/WIL/1957 2015-02-182015-02-1842428
624_182000000000000_WIL_1957 Central Library, BUET3General Book Central Library, BUET 2015-02-18 Circulation section624.182/WIL/1957 2015-02-182015-02-1811560
624_182000000000000_WIL_1957 Central Library, BUET4General Book Central Library, BUET 2015-02-18 Circulation section624.182/WIL/1957 2015-02-182015-02-1861147
624_182000000000000_WIL_1957 Central Library, BUET5General Book Central Library, BUET 2015-05-10 Circulation section624.182/WIL/1957 2015-05-102015-05-1042357
624_182000000000000_WIL_1957 Central Library, BUET6General Book Central Library, BUET 2015-05-12 Circulation section624.182/WIL/1957 2015-05-122015-05-1211559